Zgadnij kraje po narodowych zwierzętach - Statystyki

Ogólne statystyki
  • Ten quiz został rozwiązany 963 razy
    954 od ostatniego zresetowania
  • Średni wynik to 13 z 22
Statystyki odpowiedzi
lp. Zwierzę narodowe Pierwsza litera Kraj % Poprawnych
11 Orzeł Bielik i Żubr P Polska
90%
12 Kangur, struś Emu A Australia
86%
2 Królewski tygrys bengalski, kobra królewska I Indie
86%
18 Panda C Chiny
79%
5 Byk H Hiszpania
79%
10 Niedżwiedź i mityczny dwugłowy złoty orzeł R Rosja
78%
4 Bocian biały L Litwa
73%
8 Niedźwiedź brunatny, Łabędź krzykliwy F Finlandia
71%
6 Bażant zielony, Karp J Japonia
68%
7 Mityczny czarny orzeł N Niemcy
66%
19 Papuga ara B Brazylia
62%
13 Kondor wielki E Ekwador
61%
1 Kuna leśna C Chorwacja
59%
16 Ptak Kiwi N Nowa Zelandia
56%
22 Ryś R Rumunia
56%
21 Żyrafa T Tanzania
54%
14 Fenek pustynny A Algieria
53%
9 Wilk, ptak raróg i ryś S Serbia
42%
17 Zebra B Botswana
38%
20 Okapi D Demokratyczna Republika Konga
37%
15 Ptak Dodo M Mauritius
24%
3 Flaming Karmazynowy B Bahamy
17%
Nie znaleziono quizów pasujących do podanych kryteriów
Rozkład punktacji
Procent ludzi z każdym wynikiem
Percentyl według liczby udzielonych odpowiedzi
Twoja historia wyników
Nie rozwiązałeś tego quizu od ostatniego zresetowania